100 Biggest Cities in the World - Statistics

General Stats
  • This quiz has been taken 813 times
  • The average score is 72 of 115
Answer Stats
Pop. City % Correct
39.5 mil. Tokyo
98%
21.9 mil. New York City
96%
14.3 mil. London
93%
16.8 mil. Moscow
93%
17.5 mil. Los Angeles
92%
11.2 mil. Paris
92%
20.7 mil. Beijing
91%
30.4 mil. Shanghai
91%
22.5 mil. Mexico City
90%
4.45 mil. Berlin
89%
16.7 mil. Cairo
89%
27.7 mil. Jakarta
89%
26.0 mil. Delhi
88%
6.4 mil. Madrid
88%
23.0 mil. Mumbai
88%
14.2 mil. Istanbul
86%
21.8 mil. São Paulo
86%
9.8 mil. Chicago
85%
17.8 mil. Osaka
84%
5.4 mil. Saint Petersburg
84%
15.9 mil. Buenos Aires
83%
46.9 mil. Guangzhou
83%
16.8 mil. Lagos
83%
24.3 mil. Seoul
83%
6.15 mil. Houston
82%
13.2 mil. Johannesburg
82%
6.5 mil. Dallas
81%
7.05 mil. Toronto
81%
9.3 mil. Bogotá
80%
23.1 mil. Manila
80%
16.7 mil. Bangkok
79%
7.2 mil. Hong Kong
79%
9.95 mil. Lima
79%
4.85 mil. Sydney
79%
13.6 mil. Tehran
79%
4.075 mil. Cape Town
78%
15.9 mil. Kolkata
78%
4.7 mil. Barcelona
77%
7.55 mil. San Francisco
77%
24.0 mil. Karachi
76%
6.05 mil. Miami
76%
12.7 mil. Rio de Janeiro
76%
7.35 mil. Boston
75%
17.3 mil. Dhaka
74%
4.35 mil. Melbourne
74%
8.3 mil. Washington D.C.
74%
6.55 mil. Riyadh
73%
6.95 mil. Santiago
73%
10.5 mil. Kinshasa
72%
7.3 mil. Philadelphia
72%
5.15 mil. Milan
71%
6.9 mil. Singapore
71%
4.625 mil. Ankara
70%
10.3 mil. Bengaluru
69%
9.0 mil. Taipei
69%
9.9 mil. Chennai
68%
6.95 mil. Kuala Lumpur
67%
5.1 mil. Nairobi
67%
9.95 mil. Lahore
66%
5.45 mil. Atlanta
65%
6.75 mil. Baghdad
65%
5.1 mil. Alexandria
64%
4.05 mil. Seattle
64%
6.55 mil. Xi'an
63%
4.075 mil. Montréal
62%
8.9 mil. Hyderabad
61%
7.95 mil. Wuhan
61%
5.7 mil. Detroit
60%
8.15 mil. Ho Chi Minh City
60%
4.3 mil. Phoenix
59%
4.95 mil. Guadalajara
58%
11.2 mil. Tianjin
58%
6.65 mil. Luanda
57%
10.4 mil. Nagoya
57%
4.15 mil. Casablanca
55%
9.4 mil. Chengdu
55%
5.5 mil. Khartoum
54%
7.35 mil. Ahmedabad
52%
4.525 mil. Accra
51%
6.95 mil. Chongqing
50%
4.925 mil. Belo Horizonte
48%
4.25 mil. Busan
48%
4.625 mil. Monterrey
48%
9.85 mil. Xiamen
48%
5.2 mil. Dar es Salaam
47%
5.1 mil. Yangon
46%
8.15 mil. Hangzhou
45%
5.1 mil. Harbin
45%
4.225 mil. Naples
45%
6.0 mil. Pune
45%
4.975 mil. Abidjan
44%
4.65 mil. Colombo
44%
6.75 mil. Nanjing
44%
4.675 mil. Surabaya
40%
4.175 mil. Jeddah
38%
4.075 mil. Kano
38%
4.475 mil. Chittagong
37%
7.6 mil. Shenyang
37%
5.9 mil. Bandung
36%
5.6 mil. Surat
35%
4.075 mil. Porto Alegre
33%
5.65 mil. Qingdao
32%
4.0 mil. Tampa
32%
4.425 mil. Dalian
31%
4.825 mil. Köln/Düsseldorf
31%
4.375 mil. Changsha
27%
4.6 mil. Zhengzhou
27%
4.075 mil. Kuwait City
25%
7.85 mil. Shantou
25%
4.475 mil. Hefei
24%
5.8 mil. Wenzhou
23%
3.9 mil. Faisalabad
20%
5.6 mil. The Ruhr
20%
3.925 mil. Kunming
19%
4.15 mil. Taiyuan
9%
No matching quizzes found
Score Distribution
Percent of People with Each Score
Percentile by Number Answered
Your Score History
You have not taken this quiz